| 000 | 00735nam a2200217Ia 4500 | ||
|---|---|---|---|
| 003 | GCL | ||
| 005 | 20240530095349.0 | ||
| 008 | 140319s9999 xx 000 0 ara d | ||
| 020 | _a8245227977 | ||
| 040 |
_aGCL / _cGCL |
||
| 082 | 0 | 4 |
_a962.14 _bق/هـ م |
| 100 | 1 | _aهدى البكر | |
| 245 | 1 | 0 |
_aمحافظة الغربية / _cهدى البكر |
| 260 |
_aالقاهرة : _bمركز الدراسات السياسية والاستراتيجية - الأهرام ، _c2003 |
||
| 300 |
_a156 ص ؛ _c20 سم |
||
| 490 |
_aسلسلة المحافظات المصرية _v0 |
||
| 650 | 0 | 4 | _aالغربية |
| 650 | 0 | 4 | _aمصر - الاحوال الاقتصادية |
| 650 | 0 | 4 | _aالغربية، محافظة |
| 942 |
_2ddc _cBK |
||
| 999 |
_c6497 _d6497 |
||